| 000 | 01282cam a2200277 4500 | ||
|---|---|---|---|
| 001 | ABS67376 | ||
| 008 | 031209n2003 000 0 eng u | ||
| 035 | _a(Sirsi) u124583 | ||
| 100 | _aRennie, R. | ||
| 245 | 4 | _aThe end of conveyancing as we know it | |
| 260 | _c2003 | ||
| 490 |
_aJournal of the Law Society of Scotland _v48(11) November 2003, 15-18(4) |
||
| 520 | _aReviews the fundamental changes to conveyancing practice in Scotland, which will come about on 28 November 2004 when the Abolition of Feudal Tenure etc. (Scotland ) Act 2000, the Title Conditions (Scotland) Act 2003 and (presumably) the Tenements (Scotland) Act 2004 come into force. Sees them as reforms of pure property law as opposed to technical reforms of conveyancing practice and procedure. Examines the merging of conveyancing and property law both as an academic subject and also in practice. | ||
| 590 | _aABS | ||
| 650 | _aMISSIVES | ||
| 650 | _aTITLE | ||
| 650 | _aMOVEABLE PROPERTY | ||
| 650 | _aHERITABLE PROPERTY | ||
| 650 | _aDEEDS | ||
| 650 | _aSCOTLAND | ||
| 650 | _aABOLITION OF FEUDAL TENURE ETC (SCOTLAND) ACT 2000 | ||
| 650 | _aTITLE CONDITIONS (SCOTLAND) ACT 2003 | ||
| 650 | _aTENEMENTS (SCOTLAND) BILL | ||
| 690 | _aPROPERTY AND LAND LAW-CONVEYANCING | ||
| 942 | _n0 | ||
| 999 |
_c73932 _d73932 |
||